000 01556nam0a2200301 4500
001 RU\NLR\bibl\379328
005 20260407083110.0
010 _a5-7968-076-0
_9450
035 _a(NLR Aleph) 000373751
090 _a411981
_c411981
100 _a20030320d2003 |||y0rusy50 ca
101 0 _arus
102 _aRU
105 _aa |||||||||
200 1 _aСовременный вулканизм и связанные с ним процессы
_eМатериалы юбилейной сессии Камчат. науч. центра ДВО РАН, посвящ. 40-летию Ин-та вулканологии, 8-11 окт. 2002 г.
_fРос. акад. наук. Дальневост. отд-ние, Ин-т вулканологии
_g[Отв. ред.: акад. С.А. Федотов]
210 _aПетропавловск-Камчатский
_cИзд-во КГПУ
_d2003
215 _a118 с.
_cил.
_d29
320 _aБиблиогр. в конце ст.
606 0 _aВулканизм
_jСъезды, совещания и т.п.
_91313362
_3RU\NLR\auth\66228586
686 _aД40я431(2)
702 1 _4340
_8rus
_7ca
_aФедотов
_bС. А.
_cд-р физ.-мат. наук
_f1931-2019
_gСергей Александрович
_3RU\NLR\AUTH\7738391
_921375
711 0 2 _aРоссийская академия наук
_bКамчатский научный центр
_3RU\NLR\AUTH\8810043941
_9587338
801 0 _aRU
_bNLR
_c20030320
_gPSBO
801 1 _aRU
_bNLR
_c20030320
942 _cBOOK
980 _aNB